LEADER 02317nam 2200589Ia 450 001 9910452137203321 005 20200520144314.0 010 $a0-7914-8232-4 010 $a1-4237-5581-2 035 $a(CKB)1000000000460390 035 $a(EBL)3407603 035 $a(SSID)ssj0000250803 035 $a(PQKBManifestationID)11219650 035 $a(PQKBTitleCode)TC0000250803 035 $a(PQKBWorkID)10233249 035 $a(PQKB)10832586 035 $a(MiAaPQ)EBC3407603 035 $a(OCoLC)64560479 035 $a(MdBmJHUP)muse6360 035 $a(Au-PeEL)EBL3407603 035 $a(CaPaEBR)ebr10579026 035 $a(EXLCZ)991000000000460390 100 $a20050310d2006 uy 0 101 0 $aeng 135 $aur|n|---||||| 181 $ctxt 182 $cc 183 $acr 200 10$aState constitutions for the twenty-first century$hVolume 2$iDrafting state constitutions, revisions, and amendments$b[electronic resource] /$fFrank P. Grad and Robert F. Williams 210 $aAlbany $cState University of New York Press$dc2006 215 $a1 online resource (149 p.) 225 1 $aSUNY series in American constitutionalism 300 $aDescription based upon print version of record. 311 $a0-7914-6647-7 320 $aIncludes bibliographical references and index. 327 $aReflection and restraint in state constitutional amendment and revision -- The state constitution : form and function -- Unique issues in drafting state constitutions -- Some implications of state constitutional amendment for the drafter -- Judicial doctrines of interpretation affecting drafters of state constitutional provisions. 410 0$aSUNY series in American constitutionalism. 606 $aConstitutional law$zUnited States$xStates 606 $aConstitutional amendments$zUnited States$xStates 608 $aElectronic books. 615 0$aConstitutional law$xStates. 615 0$aConstitutional amendments$xStates. 676 $a342.7303 700 $aGrad$b Frank P$0483703 701 $aWilliams$b Robert F$g(Robert Forrest),$f1945-$01033676 801 0$bMiAaPQ 801 1$bMiAaPQ 801 2$bMiAaPQ 906 $aBOOK 912 $a9910452137203321 996 $aState constitutions for the twenty-first century$92486605 997 $aUNINA LEADER 05319nam 2200757 450 001 9910132342903321 005 20230125222143.0 010 $a1-118-89933-4 010 $a1-118-89925-3 010 $a1-118-89935-0 024 7 $a10.1002/9781118899250 035 $a(CKB)3710000000224357 035 $a(EBL)1770415 035 $a(OCoLC)881387618 035 $a(SSID)ssj0001334913 035 $a(PQKBManifestationID)11729504 035 $a(PQKBTitleCode)TC0001334913 035 $a(PQKBWorkID)11289848 035 $a(PQKB)10252233 035 $a(CaBNVSL)mat08040077 035 $a(IDAMS)0b00006485f0e390 035 $a(IEEE)8040077 035 $a(DLC) 2014014209 035 $a(Au-PeEL)EBL1770415 035 $a(CaPaEBR)ebr10912887 035 $a(CaONFJC)MIL639086 035 $a(CaSebORM)9781118611661 035 $a(MiAaPQ)EBC1770415 035 $a(PPN)250964384 035 $a(EXLCZ)993710000000224357 100 $a20171024d2008 uy 101 0 $aeng 135 $aurcnu|||||||| 181 $ctxt 182 $cc 183 $acr 200 00$aSmart data pricing /$f.edited by Soumya Sen, Carlee JoeWong, Sangtae Ha, and Mung Chiang 205 $a1st edition 210 1$aHoboken, New Jersey :$cWiley,$d2014. 210 2$a[Piscataqay, New Jersey] :$cIEEE Xplore,$d[2014] 215 $a1 online resource (1183 p.) 225 1 $aInformation and communication technology series 225 1 $aWiley series on information and communication technology 300 $aIncludes index. 311 $a1-118-61166-7 311 $a1-322-07835-1 320 $aIncludes bibliographical references at the end of each chapters and index. 327 $a-- FOREWORD xv -- PREFACE xvi -- CONTRIBUTORS xx -- I SMART DATA PRICING IN TODAY'S ECOSYSTEM 1 -- 1 Will Smart Pricing Finally Take Off? 3 / Andrew Odlyzko -- 2 Customer Price Sensitivity to Broadband Service Speed: What Are the Implications for Public Policy? 35 / Victor Glass, Stela Stefanova, and Ron Dibelka -- 3 Network Neutrality with Content Caching and Its Effect on Access Pricing 47 / Fatih Kocak, George Kesidis, and Serge Fdida -- II TECHNOLOGIES FOR SMART DATA PRICING 67 -- 4 Pricing under Demand Flexibility and Predictability 69 / Ozgur Dalkilic, John Tadrous, Atilla Eryilmaz, and Hesham El-Gamal -- 5 Dual Pricing Algorithms by Wireless Network Duality for Utility Maximization 97 / Chee Wei Tan and Liang Zheng -- 6 Human Factors in Smart Data Pricing 127 / Soumya Sen, Carlee Joe-Wong, Sangtae Ha, and Mung Chiang -- III USAGE-BASED PRICING 167 -- 7 Quantifying the Costs of Customers for Usage-Based Pricing 169 / La?szlo? Gyarmati, Rade Stanojevic, Michael Sirivianos, and Nikolaos Laoutaris -- 8 Usage-Based Pricing Differentiation for Communication Networks: Incomplete Information and Limited Pricing Choices 195 / Shuqin Li and Jianwei Huang -- 9 Telecommunication Pricing: Smart Versus Dumb Pipes 241 / Atanu Lahiri -- IV CONTENT-BASED PRICING 267 -- 10 Economic Models of Sponsored Content inWireless Networks with Uncertain Demand 269 / Matthew Andrews, Ulas Ozen, Martin I. Reiman, and Qiong Wang -- 11 CDN Pricing and Investment Strategies under Competition 289 / Yang Song, Lixin Gao, and Arun Venkataramani -- 12 Smart Pricing and Market Formation in Hybrid Networks 321 / Aris M. Ouksel, Doug Lundquist, and Sid Bhattacharyya -- 13 To Tax or To Subsidize: The Economics of User-Generated Content Platforms 341 / Shaolei Ren and Mihaela van der Schaar -- V MANAGING CONTENT DELIVERY 363 -- 14 Spare Capacity Monetization by Opportunistic Content Scheduling 365 / Bell Labs and Alcatel-Lucent -- 15 Asynchronous Content Delivery and Pricing in Cellular Data Networks 391 / Vijay Gabale, Umamaheswari Devi, Ravi Kokku, and Shivkumar Kalyanraman. 327 $a16 Mechanisms for Quota Aware Video Adaptation 415 / Jiasi Chen, Amitabha Ghosh, and Mung Chiang -- 17 The Role of Multicast in Congestion Alleviation 441 / Alan D. Young -- VI PRICING IN THE CLOUD 453 -- 18 Smart Pricing of Cloud Resources 455 / Yu Xiang and Tian Lan -- 19 Allocating and Pricing Data Center Resources with Power-Aware Combinatorial Auctions 477 / Benjamin Lubin and David C. Parkes -- INDEX 501. 330 $a"As demand for data increases, Smart Data Pricing fills a market void in information on telecommunication economics. The book carefully addresses technical issues and workplace policies, system development and integration, research proposals, and business assessments. With both academic and industrial expertise from a variety of fields, Pricing is a practical and inclusive economics resource"--$cProvided by publisher. 330 $a"Provides insight on business strategies and initiatives through a diverse collection of perspectives"--$cProvided by publisher. 410 0$aWiley series on information and communication technology 606 $aTelecommunication$xPricing 606 $aResource allocation 615 0$aTelecommunication$xPricing. 615 0$aResource allocation. 676 $a384/.043 686 $aTEC061000$2bisacsh 701 $aSen$b Soumya$f1982-$0931917 801 0$bCaBNVSL 801 1$bCaBNVSL 801 2$bCaBNVSL 906 $aBOOK 912 $a9910132342903321 996 $aSmart data pricing$92096179 997 $aUNINA